Just Random Questions - Statistics

General Stats
  • This quiz has been taken 46 times
  • The average score is 6 of 15
Answer Stats
Hint Answer % Correct
Who Was The First Man To Walk On The Moon Neil Armstrong
96%
Where Was The 2014 World Cup Brazil
68%
What Year Did(Answer To Question 1) Land On The Moon 1969
64%
What Is The Largest Country In The World Russia
64%
Who Won The 2006 World Cup Italy
50%
What Country Won The Olympic Games In 2012 China
46%
Who Hosted The 2012 Olympic Games London
46%
Who Is The Prime Minster Of The UK David Cameron
39%
Who Sang "All Of Me" John Legend
36%
Who Is The President Of The USA Barrack Obama
32%
What Is The Name Of The Famous Actor/Wrestler Dwayne Johnson
32%
Who Won 4 Ballon d'Or Lionel Messi
21%
Who Won X Factor 2014 Ben Haenow
14%
What TV Show Is Set In a Place Called Albert Square Eastenders
14%
Who Sang "Mysterious Girl" Peter Andre
14%
No matching quizzes found
Score Distribution
Percent of People with Each Score
Percentile by Number Answered
Your Score History
You have not taken this quiz